Bratislava: od výroby k službám

Povzbudivé hodnotenie bratislavského regiónu nemeckou analytickou spoločnosťou Empirica Delasasse. Spomedzi lokalít krajín SVE sa lepšie umiestnili iba Praha, stredné Maďarsko a Viedeň. Výhody bratislavského regiónu. Potenciál kvalifikovaných pracovných síl. Hlavné záujmy Bratislavy v medzinárodnej...

Descripción completa

Guardado en:
Detalles Bibliográficos
Autor principal: Slovák, Kristian
Formato: Capítulo de libro
Lenguaje:eslovaco
Materias:
Etiquetas: Agregar Etiqueta
Sin Etiquetas, Sea el primero en etiquetar este registro!

MARC

LEADER 00000naa$a2200000$$$4500
001 0036576
005 20231009082221.7
041 0 |a slo 
044 |a SK 
245 1 0 |a Bratislava: od výroby k službám  |c Kristian Slovák 
520 |a Povzbudivé hodnotenie bratislavského regiónu nemeckou analytickou spoločnosťou Empirica Delasasse. Spomedzi lokalít krajín SVE sa lepšie umiestnili iba Praha, stredné Maďarsko a Viedeň. Výhody bratislavského regiónu. Potenciál kvalifikovaných pracovných síl. Hlavné záujmy Bratislavy v medzinárodnej spolupráci. 
610 2 0 |a regióny 
610 2 0 |a výroba 
610 2 0 |a služby 
610 2 0 |a investície zahraničné 
610 2 0 |a investori 
610 2 0 |a sily pracovné 
610 2 0 |a kvalifikácia 
610 2 0 |a konkurencia 
610 2 0 |a Bratislava 
100 1 |a Slovák, Kristian